000 00363nam a22001577a 4500
003 SGT
020 _a978812836891
082 _a547,AGR
100 _aAGARWAL,O.P
245 _aORGANIC CHEMISTRY: NATURAL PRODUCTS
250 _a1ST
260 _aNEW DELHI
_bKRISHNA PRAKASHAN MEDIA
_c2015
300 _a556
650 _aORGANIC CHEMISTRY
942 _2ddc
_cFPS
_01
999 _c9841
_d9841